000 00496nam a22001697a 4500
999 _c478588
_d478588
003 NUST
005 20180605065245.0
008 180605b ||||| |||| 00| 0 eng d
020 _a9780199673803
038 _aSNS Library
082 _a530.15828 LAX 2013
100 _aMelvin Lax, Wei Cai ,MIN Xu
_910991
245 _aRandom Processes in Physics and Finance
_cMelvin Lax, Wei Cai ,MIN Xu
260 _aUSA
_bOxford University Press
_c2013
300 _axiii, 327 P.
_bPb.
942 _2ddc
_cBK